000 00281nam a2200121 4500
005 20260530115313.0
245 1 0 _aVivir en Japón
264 1 _bTASHEN
_c1999
300 _a200 páginas
336 _atexto
_2rdacontent
337 _asin medio
_2rdamedia
338 _avolumen
_2rdacarrier
999 _c13451
_d13451